[Event "Veteranos Aragón 2015"]
[Site ""]
[Date "2015.04.25"]
[Round "2.15"]
[White "Figuer Montero Fernando"]
[Black "Sanz Navarro Alberto"]
[Result "0-1"]
[WhiteElo "1845"]
[BlackElo "1576"]

1.d4 d5 2.Nf3 Nf6 3.h3 c5 4.c3 Bf5 5.Bf4 Nc6 6.e3 Qb6 7.Qb3 c4 8.Qxb6 axb6 9.
Nbd2 b5 10.Be2 e6 11.O-O b4 12.Rfc1 bxc3 13.bxc3 Ba3 14.Rf1 Bb2 15.Rae1 Bxc3
16.g4 Be4 17.Rc1 Bb2 18.Rce1 Rxa2 19.g5 Nh5 20.Bd6 c3 21.Nb3 Kd7 22.Bc5 Bc2
23.Nc1 Bxc1 24.Rxc1 g6 25.Bb5 Kc7 26.Bxc6 bxc6 27.Ne5 Rha8 28.Nxf7 Bd3 29.Rfd1
Bc2 30.Rf1 Ng7 31.f4 Nf5 32.Rfe1 Be4 33.Rxc3 Rg2+ 0-1

[Event "Veteranos Aragón 2015"]
[Site ""]
[Date "2015.04.25"]
[Round "2.16"]
[White "Arteaga Jimenez Francisco"]
[Black "Pinilla Alvarez José Carlos"]
[Result "1-0"]
[WhiteElo "1572"]
[BlackElo "1187"]

1.d4 c5 2.d5 d6 3.c4 g6 4.Bd2 Bg7 5.Bc3 Bxc3+ 6.Nxc3 Bd7 7.Qd2 Nf6 8.e4 a6 9.
a4 Bc8 10.Bd3 Nbd7 11.f4 O-O 12.Nf3 Nb6 13.O-O e6 14.Rfb1 exd5 15.exd5 Bg4 16.
Qf2 Nh5 17.g3 Nd7 18.Kg2 Ndf6 19.Re1 Qd7 20.Ng1 Bf5 21.Bxf5 Qxf5 22.h3 Qd3 23.
g4 Ng7 24.Qe2 Qd4 25.Qf1 Rae8 26.Kg3 Ne4+ 27.Nxe4 Rxe4 28.Rxe4 Qxe4 29.b3 Qc2
30.Qd1 Qc3+ 31.Nf3 h5 32.Rc1 Qf6 33.Qd2 hxg4 34.hxg4 Qd8 35.Rh1 f5 36.Ng5 fxg4
37.Rh7 Nh5+ 38.Rxh5 gxh5 39.Qd3 Qe7 40.Ne6 Rf7 41.Qg6+ Kh8 42.Qxh5+ Rh7 43.
Qxg4 Qf6 44.Ng5 Qc3+ 45.Qf3 Qe1+ 46.Kg4 Qg1+ 47.Kf5 Qb1+ 48.Qe4 Qxe4+ 49.Kxe4
Re7+ 50.Kf5 Kg7 51.Ne6+ Kf7 52.a5 Ke8 53.Kg6 b6 54.f5 bxa5 55.f6 Rf7 56.Ng5
Rf8 57.Kg7 1-0

[Event "Veteranos Aragón 2015"]
[Site ""]
[Date "2015.04.25"]
[Round "2.17"]
[White "Lapuente Mercadal José Manuel"]
[Black "Otal Bornau José Miguel"]
[Result "1-0"]
[WhiteElo "1543"]
[BlackElo "1552"]

1.d4 Nf6 2.c4 e6 3.a3 c5 4.Nf3 cxd4 5.Nxd4 Be7 6.Nc3 Nc6 7.Bf4 a6 8.Nf3 O-O 9.
e3 d6 10.Be2 e5 11.Bg3 Bf5 12.O-O Rc8 13.h3 Na5 14.Nd2 Be6 15.b3 Qc7 16.Rc1
Qb8 17.Bf3 b5 18.Nd5 Nxd5 19.cxd5 Bf5 20.e4 Bd7 21.Qe2 Bg5 22.Bg4 Bxg4 23.Qxg4
Bxd2 24.Rxc8 Qxc8 25.Qd1 Qc3 26.Bh4 Nxb3 27.Be7 Rc8 28.Bxd6 Rd8 29.Bb4 Qd3 30.
Re1 Rc8 31.Re3 Qc2 32.Qxc2 Rxc2 33.Rxb3 Bf4 34.g3 Bg5 35.Rc3 Rxc3 36.Bxc3 Bd8
37.Bxe5 f6 38.Bd6 Kf7 39.Bc5 Ke8 40.Kf1 Kd7 41.Ke2 Be7 42.Bxe7 Kxe7 43.Kd3 Kd6
44.Kd4 a5 45.f4 b4 46.axb4 a4 47.e5+ fxe5+ 48.fxe5+ Kd7 49.b5 a3 50.Kc3 1-0

[Event "Veteranos Aragón 2015"]
[Site ""]
[Date "2015.04.25"]
[Round "2.18"]
[White "Latorre Bueno Francisco"]
[Black "Perez Sirera José Maria"]
[Result "0-1"]
[WhiteElo "1548"]
[BlackElo "1563"]

1.d4 d5 2.Nf3 Nf6 3.e3 e6 4.a3 Bd6 5.c4 b6 6.Nc3 O-O 7.cxd5 exd5 8.Be2 Bb7 9.
O-O Nbd7 10.b4 Ne4 11.Bb2 Rb8 12.Rc1 a6 13.Bd3 Re8 14.Qc2 Ndf6 15.h3 b5 16.Nd2
h6 17.Nb3 Re6 18.Na5 Ba8 19.Nxe4 dxe4 20.Be2 Rc8 21.Nb3 Nd5 22.Nc5 Bxc5 23.
bxc5 f5 24.Qb3 Kh8 25.Rc2 Rg6 26.f4 Rg3 27.Bc1 Qh4 28.Kh2 Rg6 29.Bd1 Qg3+ 30.
Kh1 c6 31.Bh5 Rf6 32.Bd2 g6 33.Bf3 exf3 34.Rxf3 Qh4 35.Qb1 Re6 36.Be1 Qe7 37.
Bf2 Bb7 38.Qg1 Rg8 39.g4 fxg4 40.Qxg4 Bc8 41.Qg1 Re4 42.Rg3 Bf5 43.Rb2 Qe6 44.
h4 h5 45.Rf3 Kh7 46.Kh2 Rb8 47.Rb1 Qe8 48.Ra1 a5 49.Qe1 b4 50.axb4 axb4 51.
Ra7+ Kh6 52.Qg1 Re7 53.Qg5+ Kh7 54.Rxe7+ Qxe7 55.Qg1 b3 56.e4 Bxe4 0-1

[Event "Veteranos Aragón 2015"]
[Site ""]
[Date "2015.04.25"]
[Round "2.19"]
[White "Arduna Domingo Carmen"]
[Black "Lasierra Arceiz Javier"]
[Result "0-1"]
[WhiteElo "1500"]
[BlackElo "1524"]

1.d4 d5 2.Nf3 Nc6 3.h3 Bf5 4.a3 e6 5.e3 Bd6 6.Bd3 Qf6 7.O-O a6 8.c3 Nge7 9.Qe2
h6 10.Nbd2 Qg6 11.Nh4 Qg5 12.Ndf3 Bxd3 13.Qxd3 Qf6 14.b4 g5 15.e4 dxe4 16.Qxe4
gxh4 17.Nxh4 Kd7 18.Bb2 Ng6 19.g3 Nxh4 20.Qxh4 Qxh4 21.gxh4 Rhg8+ 22.Kh1 Rg6
23.Rad1 Rag8 24.d5 Ne5 25.f4 Nc4 26.Bc1 Rg3 27.Rg1 Rxg1+ 28.Rxg1 Rxg1+ 29.Kh2
Rxc1 0-1

[Event "Veteranos Aragón 2015"]
[Site ""]
[Date "2015.04.25"]
[Round "2.21"]
[White "Fuster Aparicio Miguel"]
[Black "Cervera Soler Ramón"]
[Result "0-1"]
[WhiteElo "1500"]
[BlackElo "1498"]

1.d4 d5 2.Nf3 e6 3.Bf4 c5 4.c3 Nf6 5.Ne5 Bd7 6.Nd2 cxd4 7.cxd4 Bb4 8.e3 Ne4 9.
Qh5 O-O 10.O-O-O Qc8+ 11.Kb1 Nxd2+ 12.Ka1 Ne4 13.Rg1 Be8 14.Qg4 Nxf2 15.Qe2
Nxd1 16.Qxd1 f5 17.Bd3 Nd7 18.a3 Nxe5 19.Bxe5 Be7 20.Qf3 Bxa3 21.bxa3 Qc3+ 22.
Ka2 Qxd3 23.Rb1 Bb5 24.Ka1 Qxa3# 0-1

[Event "Veteranos Aragón 2015"]
[Site ""]
[Date "2015.04.25"]
[Round "2.22"]
[White "Burillo Lazaro Amelia"]
[Black "Franco Tejero Luis"]
[Result "1-0"]
[WhiteElo "1474"]
[BlackElo "1500"]

1.d4 d5 2.c4 c6 3.e3 Bf5 4.Qb3 Qd7 5.Nf3 e6 6.Nbd2 h6 7.Ne5 Qc7 8.Be2 Nd7 9.
Ndf3 Nxe5 10.Nxe5 Bd6 11.f4 Nf6 12.O-O O-O 13.Bd2 Ne4 14.Qd1 Qe7 15.c5 Bc7 16.
Rc1 a6 17.a4 f6 18.Nf3 Kh8 19.b4 Qf7 20.Nh4 Bh7 21.f5 exf5 22.Nxf5 Rad8 23.b5
axb5 24.axb5 Bb8 25.Ba5 Bc7 26.Bxc7 Qxc7 27.b6 Qc8 28.Bg4 Qb8 29.Ne7 Rf7 30.
Nf5 Rdf8 31.Nh4 f5 32.Bh5 Rf6 33.Nf3 f4 34.Ne5 Qd8 35.Qa4 fxe3 36.Rxf6 Rxf6
37.Nf7+ Rxf7 38.Bxf7 Qf8 39.Rf1 Nf2 40.Bh5 Qe7 41.Qa7 Qf6 42.Qxb7 Nh3+ 43.gxh3
Qd8 44.Qxc6 Be4 45.Qe8+ Qxe8 46.Bxe8 Bd3 47.Re1 e2 48.Bh5 Kh7 49.Bxe2 Be4 50.
b7 1-0

[Event "Veteranos Aragón 2015"]
[Site ""]
[Date "2015.05.02"]
[Round "3.1"]
[White "Orti Stock Carlos"]
[Black "Roche Simón Manuel Angel"]
[Result "0-1"]
[WhiteElo "1925"]
[BlackElo "2144"]

1.e4 c5 2.Nc3 Nc6 3.Bb5 g6 4.Bxc6 dxc6 5.d3 Bg7 6.Be3 b6 7.Qd2 e5 8.O-O-O Be6
9.Nf3 h6 10.Kb1 Qd7 11.Qe2 Ne7 12.Rhe1 Nc8 13.Nd2 Nd6 14.f4 f6 15.h3 g5 16.
fxe5 fxe5 17.Rf1 O-O-O 18.Bg1 Rhe8 19.Bh2 Bg8 20.a4 Qe6 21.Qe3 c4 22.Bg1 cxd3
23.cxd3 c5 24.a5 Nb7 25.axb6 axb6 26.Kc2 Na5 27.Ra1 Nc6 28.Ra8+ Kb7 29.Ra3
Nb4+ 30.Kb1 Rxd3 31.Qe2 Red8 32.Nb3 Ra8 33.Rxa8 Kxa8 34.Nc1 Rd8 35.Qb5 Qc6 36.
Qe2 Kb7 37.Rd1 Rxd1 38.Qxd1 Bf6 39.Qd3 0-1

[Event "Veteranos Aragón 2015"]
[Site ""]
[Date "2015.05.02"]
[Round "3.2"]
[White "Sarto Ramos Angel"]
[Black "Vasilev Vas"]
[Result "0-1"]
[WhiteElo "1967"]
[BlackElo "1943"]

1.Nf3 Nf6 2.d4 c5 3.e3 g6 4.Be2 Bg7 5.O-O O-O 6.a3 b6 7.c4 d6 8.Nc3 Bb7 9.Qc2
Nbd7 10.Rd1 cxd4 11.exd4 Rc8 12.b4 Bxf3 13.gxf3 Nh5 14.Qa4 e5 15.Ra2 exd4 16.
Ne4 Ne5 17.Qxa7 d3 18.Rxd3 Nxd3 19.Bxd3 d5 20.Ng3 dxc4 21.Bf1 Nxg3 22.hxg3 Qd1
23.Be3 c3 24.Qxb6 c2 25.Qb5 c1=Q 26.Bxc1 Rxc1 27.a4 Qxf3 28.Rd2 Qc6 29.Rd3 Qe4
30.Qd5 Qxb4 0-1

[Event "Veteranos Aragón 2015"]
[Site ""]
[Date "2015.05.02"]
[Round "3.3"]
[White "Garcia Artal Obdulio"]
[Black "Palomar Ramón Santiago"]
[Result "0-1"]
[WhiteElo "1599"]
[BlackElo "1952"]

1.d4 e6 2.Bf4 f5 3.h3 Nf6 4.e3 b6 5.Nf3 Bb7 6.Nbd2 Be7 7.Be2 O-O 8.O-O Ne4 9.
Nxe4 fxe4 10.Nd2 d6 11.c4 Nd7 12.b4 e5 13.Bg3 exd4 14.exd4 a5 15.b5 Bf6 16.Rc1
Bg5 17.d5 Nc5 18.Qc2 Bc8 19.Rce1 e3 20.Nf3 Bf5 21.Qd1 Ne4 22.Bd3 Nc3 23.Qc2
Bxd3 24.Qxd3 e2 25.Qxc3 exf1=Q+ 26.Kxf1 Bf6 27.Qd3 Re8 28.a4 Rxe1+ 29.Nxe1 Qe7
30.Nc2 Re8 31.Ne3 Bg5 32.Ke2 Qf6 33.Kd1 Bxe3 34.fxe3 Qg5 35.Bf4 Qxg2 36.Qf5
Qe4 37.Qd7 Qe7 38.Qf5 Rf8 39.Qg4 Qf7 40.Kd2 Qf5 41.Qxf5 Rxf5 42.h4 h6 43.Kd3
Kf7 44.Ke4 Kf6 45.Kf3 g5 46.e4 0-1

[Event "Veteranos Aragón 2015"]
[Site ""]
[Date "2015.05.02"]
[Round "3.4"]
[White "Gonzalez Felez José Julian"]
[Black "Navarro Castan Jesús"]
[Result "1-0"]
[WhiteElo "1945"]
[BlackElo "1862"]

1.c4 c5 2.g3 Nc6 3.Bg2 g6 4.Nc3 Bg7 5.a3 Nf6 6.d3 d6 7.Rb1 a5 8.e4 O-O 9.Nge2
Bg4 10.f3 Bd7 11.O-O Nd4 12.Nxd4 cxd4 13.Ne2 e5 14.h3 Rb8 15.a4 Ne8 16.f4 f5
17.b4 axb4 18.Rxb4 Nc7 19.Rb6 Bc6 20.Bd2 Ra8 21.a5 Ra6 22.exf5 gxf5 23.Qb3 Kh8
24.fxe5 Bxe5 25.Bxc6 bxc6 26.Rxf5 Rxb6 27.Rxf8+ Qxf8 28.axb6 Na6 29.Bf4 Nc5
30.Qa3 Bxf4 31.Nxf4 Qe8 32.Kg2 h5 33.Qa7 Nxd3 34.Nxd3 Qe4+ 35.Kg1 Qe3+ 36.Nf2
Qxg3+ 37.Kf1 Qg8 38.Qa6 d3 39.b7 Qe6 40.b8=Q+ 1-0

[Event "Veteranos Aragón 2015"]
[Site ""]
[Date "2015.05.02"]
[Round "3.5"]
[White "Marín Fuertes Angel Maria"]
[Black "Edeso Perez Francisco"]
[Result "1/2-1/2"]
[WhiteElo "1838"]
[BlackElo "1785"]

1.e4 c5 2.Nf3 d6 3.d4 cxd4 4.Nxd4 Nf6 5.Nc3 Nc6 6.f3 e6 7.Be3 Be7 8.Qd2 O-O 9.
O-O-O a6 10.g4 Qc7 11.h4 b5 12.Nxc6 Qxc6 13.h5 b4 14.Ne2 a5 15.Nd4 Qb7 16.g5
Nd7 17.g6 Ne5 18.gxh7+ Kxh7 19.Qg2 Bd7 20.f4 Nc6 21.Bd3 e5 22.Rdg1 Rg8 23.Nf3
Rac8 24.Ng5+ Bxg5 25.Qxg5 b3 26.axb3 Nb4 27.Kb1 Nxd3 28.cxd3 Qxb3 29.f5 Qc2+
1/2-1/2

[Event "Veteranos Aragón 2015"]
[Site ""]
[Date "2015.05.02"]
[Round "3.6"]
[White "Samper Alarcón Julio Alfredo"]
[Black "Garcia Estruch Jorge"]
[Result "0-1"]
[WhiteElo "1620"]
[BlackElo "1819"]

1.e4 e5 2.Nf3 Nc6 3.Bb5 a6 4.Bxc6 dxc6 5.O-O Bg4 6.d3 Qf6 7.Nbd2 O-O-O 8.b3
Ne7 9.Bb2 Ng6 10.Nc4 Bd6 11.h3 Be6 12.Nxd6+ cxd6 13.Qe2 Nf4 14.Qe3 Bxh3 15.g3
Bxf1 16.Rxf1 Ne6 17.Bc1 Kb8 18.Kg2 h6 19.Qb6 Ng5 20.Nh2 Qe6 21.Be3 Qh3+ 22.Kg1
c5 23.b4 Qe6 24.bxc5 dxc5 25.Qxc5 Qd6 26.Qa7+ Kc8 27.Rb1 Rd7 28.Bc1 Ne6 29.Qe3
Qd4 30.Qe1 Rc7 31.Be3 Qc3 32.Qf1 Nd4 33.Qh3+ Kb8 34.Kg2 Qxc2 35.Rc1 Qxd3 36.
Rxc7 Kxc7 37.Qg4 Ne6 38.Qf5 Kd6 39.Qxf7 Qxe4+ 40.Kg1 Rf8 41.Qh5 Qb1+ 42.Kg2
Qxa2 43.Nf1 Qd5+ 44.Kg1 Qf3 45.Qg6 Qf5 46.Qxf5 Rxf5 47.Nd2 b5 48.Kf1 Kd5 49.
Ke2 Nd4+ 50.Kd3 Nf3 51.Nb1 b4 52.Bb6 e4+ 53.Kc2 Nd4+ 54.Bxd4 Kxd4 55.Kb3 Rxf2
0-1

[Event "Veteranos Aragón 2015"]
[Site ""]
[Date "2015.05.02"]
[Round "3.7"]
[White "Royo Onde Manuel"]
[Black "Lera Perez José Carlos"]
[Result "1-0"]
[WhiteElo "1817"]
[BlackElo "1624"]

1.d4 d5 2.c4 c6 3.e3 Nf6 4.Nc3 e6 5.b3 Be7 6.Bb2 O-O 7.Bd3 Bb4 8.Qc2 Re8 9.Nf3
Nbd7 10.O-O b6 11.Ne5 c5 12.Nb5 Nf8 13.a3 Ba5 14.Nc6 Qd7 15.Nxa5 bxa5 16.dxc5
Qe7 17.b4 axb4 18.axb4 Rd8 19.cxd5 Nxd5 20.e4 Nxb4 21.Qc3 f6 22.Qxb4 Rxd3 23.
Nd6 Ng6 24.e5 fxe5 25.Qe4 Rd5 26.Rad1 Rb8 27.Rxd5 exd5 28.Qxd5+ Be6 29.Qd2 Qc7
30.Rc1 Qc6 31.f3 Qa4 32.Ne4 Qa2 33.Rc2 Qd5 34.Qxd5 Bxd5 35.Kf2 Rb3 36.Bc1 a5
37.c6 Be6 38.Nc5 Bf5 39.Nxb3 Bxc2 40.Nxa5 Bf5 41.Ba3 Kf7 42.Nc4 Kf6 43.c7 Ne7
44.Bxe7+ Kxe7 45.Nb6 Kf6 46.c8=Q Bxc8 47.Nxc8 h5 48.Ke3 Ke6 49.Ke4 g6 50.Nb6
g5 51.Nc4 1-0

[Event "Veteranos Aragón 2015"]
[Site ""]
[Date "2015.05.02"]
[Round "3.8"]
[White "Ocabo Vera Pedro Aristides"]
[Black "Arteaga Jimenez Francisco"]
[Result "1/2-1/2"]
[WhiteElo "1777"]
[BlackElo "1572"]

1.e4 c6 2.d3 d5 3.Nd2 dxe4 4.dxe4 Nd7 5.f4 e6 6.Ngf3 Ngf6 7.h3 Nc5 8.Qe2 Nh5
9.Qf2 Nxf4 10.b4 Na4 11.a3 Qb6 12.Qxb6 axb6 13.Nb3 Ng6 14.Bd3 Be7 15.Bg5 Bxg5
16.Nxg5 h6 17.Nf3 Nf4 18.O-O Nxd3 19.cxd3 O-O 20.Ne5 f6 21.Ng6 Rd8 22.d4 Bd7
23.Nf4 Rac8 24.Rac1 Re8 25.Nd2 b5 26.Nf3 Nb6 27.Nd3 Na4 28.Nc5 Nxc5 29.dxc5 e5
30.Rcd1 Be6 31.Rd6 Kf7 32.Nxe5+ Ke7 33.Ng6+ Kf7 34.Nf4 Rc7 35.e5 Bc4 36.Re1
Rxe5 37.Rxe5 fxe5 38.Ng6 Kg8 39.Rd8+ Kf7 40.Nxe5+ Ke7 41.Rd6 Bd5 42.Kf2 Be4
43.g4 Bh7 44.h4 Bc2 45.Ke3 Bb1 46.g5 hxg5 47.hxg5 Bc2 48.Kf4 Bb1 49.g6 Bc2 50.
Kg5 Be4 51.Rd4 Bd5 52.Rf4 Ke8 53.Rh4 Ke7 54.Rh7 Kf8 55.Rh8+ Ke7 56.Rh7 Kf8 57.
Kf4 Be6 58.Nf3 Rd7 59.Rh8+ Ke7 60.Rb8 Rc7 61.Nd4 Bh3 62.Ke5 Rd7 63.Nf5+ Bxf5
64.Kxf5 Rd5+ 65.Ke4 1/2-1/2

[Event "Veteranos Aragón 2015"]
[Site ""]
[Date "2015.05.02"]
[Round "3.9"]
[White "Sanz Navarro Alberto"]
[Black "Sanchez Valles José Maria"]
[Result "0-1"]
[WhiteElo "1576"]
[BlackElo "1752"]

1.e4 c6 2.f4 d5 3.e5 Bf5 4.d4 Na6 5.Bd3 Bxd3 6.Qxd3 Qd7 7.Nf3 f5 8.Bd2 e6 9.a3
Nh6 10.b4 Be7 11.Nc3 Bxb4 12.O-O Be7 13.Ne2 O-O 14.c4 dxc4 15.Qxc4 Qd5 16.Qc1
c5 17.Qb2 cxd4 18.Nexd4 Nc5 19.Rab1 Rfd8 20.Be3 Ng4 21.Nc2 Nxe3 22.Nxe3 Qe4
23.Nc2 Nd3 24.Qb3 Bc5+ 25.Kh1 Nxf4 26.g3 Nd5 27.Qxb7 Qxc2 28.Ng5 Ne3 29.Nxe6
Bf8 30.Rfc1 Rd1+ 31.Rxd1 Nxd1 32.Qxa8 Nf2+ 33.Kg2 Ng4+ 34.Kh3 Qxh2# 0-1

[Event "Veteranos Aragón 2015"]
[Site ""]
[Date "2015.05.02"]
[Round "3.10"]
[White "Yañez Acin Gonzalo"]
[Black "Burillo Lazaro Amelia"]
[Result "1-0"]
[WhiteElo "1737"]
[BlackElo "1474"]

1.e4 d6 2.d4 g6 3.Nf3 Bg7 4.Bc4 c6 5.O-O Nd7 6.c3 Ngf6 7.e5 dxe5 8.dxe5 Ng4 9.
e6 fxe6 10.Bxe6 Ngf6 11.Be3 Qc7 12.Qb3 Rf8 13.Nbd2 Ne5 14.Bxc8 Qxc8 15.Nxe5
Nd5 16.Bd4 Qc7 17.Nef3 Bf6 18.Ne4 O-O-O 19.Nxf6 exf6 20.c4 Nf4 21.Bxa7 Rd3 22.
Bb6 Qb8 23.Qc2 Re8 24.Rfe1 Rxe1+ 25.Rxe1 Kd7 26.Be3 1-0

[Event "Veteranos Aragón 2015"]
[Site ""]
[Date "2015.05.02"]
[Round "3.11"]
[White "Lasierra Arceiz Javier"]
[Black "Gimeno Royo José Andrés"]
[Result "1/2-1/2"]
[WhiteElo "1524"]
[BlackElo "1714"]

1.e4 d5 2.e5 c5 3.h3 Bf5 4.Bb5+ Nc6 5.Bxc6+ bxc6 6.d3 Qb8 7.Nf3 e6 8.O-O h6 9.
Re1 Ne7 10.Nh4 Bh7 11.f4 Ng6 12.Nxg6 Bxg6 13.Nc3 Be7 14.b3 O-O 15.Ba3 a5 16.
Na4 Qa7 17.c4 Rfd8 18.Qf3 Rac8 19.Rad1 Rd7 20.Kh2 Rcd8 21.g4 dxc4 22.dxc4 Rd3
23.Rxd3 Rxd3 24.Re3 Rd2+ 25.Re2 Rd3 26.Qf2 f5 27.exf6 Bxf6 28.Qxc5 Qxc5 29.
Nxc5 Rd1 30.Nxe6 Bd3 31.Rf2 Bc3 32.Nc5 Bb1 33.f5 Bd2 34.f6 gxf6 35.Rxf6 Bxa2
36.Rxc6 Bf4+ 37.Kg2 Bd6 38.Rc8+ Kg7 39.Ra8 Rd2+ 40.Kf1 Bxc5 41.Bxc5 Bxb3 42.
Rxa5 Bxc4+ 43.Ke1 Rh2 44.Ra7+ 1/2-1/2

[Event "Veteranos Aragón 2015"]
[Site ""]
[Date "2015.05.02"]
[Round "3.12"]
[White "Ubeda Gimeno Angel"]
[Black "Cortes Sobrevilla Cecilio"]
[Result "0-1"]
[WhiteElo "1512"]
[BlackElo "1678"]

1.d4 e6 2.Nf3 b6 3.e3 Nf6 4.g3 Bb7 5.Bg2 Be7 6.O-O h5 7.Nbd2 Nh7 8.Ne5 Nc6 9.
Nxc6 Bxc6 10.Bxc6 dxc6 11.Qxh5 Qd7 12.Nc4 g6 13.Qg4 Nf6 14.Qf3 Qd5 15.Qxd5
cxd5 16.Ne5 Bd6 17.Nf3 O-O-O 18.Ng5 Rd7 19.a4 a6 20.Kg2 Rh5 21.h4 Nh7 22.f4
Re7 23.b3 f6 24.Nf3 e5 25.Ba3 e4 26.Bxd6 exf3+ 27.Kxf3 cxd6 28.g4 Rxh4 29.Kg3
g5 30.fxg5 fxg5 31.Rf5 Rxe3+ 32.Kf2 Rc3 33.Rc1 Rxg4 34.Rxd5 Rf4+ 35.Kg2 Kd7
36.b4 Rg4+ 37.Kf2 Nf6 38.Rf5 Ke6 39.Rf3 0-1

[Event "Veteranos Aragón 2015"]
[Site ""]
[Date "2015.05.02"]
[Round "3.13"]
[White "Cervera Soler Ramón"]
[Black "Requena Briones Rafael"]
[Result "0-1"]
[WhiteElo "1498"]
[BlackElo "1666"]

1.c4 g6 2.g3 Bg7 3.Bg2 Nf6 4.Nc3 c6 5.Nf3 O-O 6.O-O d5 7.cxd5 Nxd5 8.Nxd5 cxd5
9.Rb1 e5 10.d3 Nc6 11.b4 Re8 12.a3 b6 13.Bd2 Bb7 14.Qb3 e4 15.dxe4 dxe4 16.Ng5
Re7 17.Be3 Nd4 18.Bxd4 Qxd4 19.e3 Qe5 20.Nh3 Bd5 21.Qc2 Rc7 22.Qa4 Rac8 23.Nf4
Bc4 24.Rfd1 Bb5 25.Qb3 Rc3 26.Qd5 Qxd5 27.Nxd5 Bd3 28.Nxc3 Rxc3 29.Rbc1 Rxa3
30.Rc8+ Bf8 31.Ra1 0-1

[Event "Veteranos Aragón 2015"]
[Site ""]
[Date "2015.05.02"]
[Round "3.14"]
[White "Miranda Cuartero Juan Carlos"]
[Black "Requeno Otin Juan José"]
[Result "1/2-1/2"]
[WhiteElo "1653"]
[BlackElo "1446"]

1.e4 e5 2.Nf3 Nf6 3.d3 d6 4.Nc3 c6 5.h3 Be7 6.Be3 O-O 7.Qd2 b5 8.a3 Bb7 9.g4
h6 10.g5 hxg5 11.Bxg5 Nh7 12.Bxe7 Qxe7 13.Rg1 f5 14.Ng5 Nxg5 15.Qxg5 Qxg5 16.
Rxg5 fxe4 17.Nxe4 d5 18.Nc5 Rf7 19.Nxb7 Rxb7 20.Rxe5 Nd7 21.Re3 Rf8 22.Bg2 Nf6
23.Kf1 Rbf7 24.Rf3 Re8 25.Re1 Rfe7 26.Rxe7 Rxe7 27.Re3 Kf7 28.Rxe7+ Kxe7 29.b4
Kd6 30.d4 Ke6 31.Ke2 Nh5 32.Ke3 Kf5 33.Bf3 Nf6 34.Be2 Kg5 35.Bf3 Kf5 1/2-1/2

[Event "Veteranos Aragón 2015"]
[Site ""]
[Date "2015.05.02"]
[Round "3.15"]
[White "Lopez Carcas Jesús"]
[Black "Lluciá Marco Luis"]
[Result "0-1"]
[WhiteElo "1430"]
[BlackElo "1637"]

1.e4 e5 2.f4 d6 3.d4 exd4 4.Qxd4 Nc6 5.Bb5 Bd7 6.Qd3 a6 7.Bc4 g6 8.Nf3 Bg7 9.
Ng5 Nh6 10.Qb3 O-O 11.c3 Na5 12.Bxf7+ Nxf7 13.Qd1 Nxg5 14.Qd5+ Ne6 15.Qxa5
Nxf4 16.O-O Ne2+ 0-1

[Event "Veteranos Aragón 2015"]
[Site ""]
[Date "2015.05.02"]
[Round "3.17"]
[White "Lorente Latorre Antonio"]
[Black "Patap Ivan"]
[Result "1-0"]
[WhiteElo "1627"]
[BlackElo "1500"]

1.e4 c5 2.Nf3 Nc6 3.d4 cxd4 4.Nxd4 Nxd4 5.Qxd4 d6 6.Bc4 e5 7.Qd5 Qe7 8.Bb5+
Kd8 9.Nc3 Nf6 10.Qd3 a6 11.Bc4 Bd7 12.Bg5 h6 13.Bxf6 gxf6 14.Nd5 Qe8 15.Nxf6
Bc6 16.Nxe8 Kxe8 17.Qf3 Rh7 18.O-O-O Rd8 19.Bd5 Rc8 20.Qf5 1-0

[Event "Veteranos Aragón 2015"]
[Site ""]
[Date "2015.05.02"]
[Round "3.18"]
[White "Otal Bornau José Miguel"]
[Black "Pellicer Sancho Rafael José"]
[Result "0-1"]
[WhiteElo "1552"]
[BlackElo "1754"]

1.e4 c5 2.Nc3 Nc6 3.Bb5 a6 4.Bxc6 bxc6 5.d3 Qc7 6.f4 d6 7.Nf3 e6 8.O-O Nf6 9.
Qe1 Be7 10.e5 Nd5 11.Bd2 O-O 12.a3 a5 13.Nd1 Bd8 14.c4 Ne7 15.Nc3 Nf5 16.Ne4
d5 17.Nxc5 Qb6 18.b4 Be7 19.d4 dxc4 20.Kh1 Bxc5 21.dxc5 Qa7 22.Qf2 a4 23.Bc3
Rd8 24.g4 Ne7 25.Qh4 Ba6 26.Ng5 h6 27.Ne4 Nd5 28.Rfd1 Rd7 29.Qe1 Nxf4 30.Rxd7
Qxd7 31.Nd6 Qe7 32.h4 Nd5 33.Rc1 Rf8 34.Qg3 f6 35.Ne4 f5 36.Nd6 f4 37.Qh3 f3
38.Ne4 Nf4 39.Qh2 Qd8 40.Nd6 Ne2 41.Ne4 Nxc1 0-1

[Event "Veteranos Aragón 2015"]
[Site ""]
[Date "2015.05.02"]
[Round "3.19"]
[White "Latorre Bueno Francisco"]
[Black "Pascual Maisterra José Luis"]
[Result "1-0"]
[WhiteElo "1548"]
[BlackElo "1501"]

1.d4 Nf6 2.c4 d6 3.Nc3 e6 4.e4 Nc6 5.Nf3 e5 6.dxe5 dxe5 7.Qxd8+ Nxd8 8.Nxe5
Bd6 9.Nf3 O-O 10.Be3 Re8 11.Bd3 Bb4 12.O-O Nc6 13.Nd5 Ba5 14.Nxf6+ gxf6 15.a3
Ne5 16.Nxe5 fxe5 17.b4 Bb6 18.c5 Rd8 19.Rfd1 Bg4 20.f3 Bh5 21.cxb6 cxb6 22.Bc4
Rdc8 23.Bd5 Rab8 24.Rdc1 Rd8 25.Rc7 Rxd5 26.exd5 Rd8 27.Rd1 e4 28.Kf2 exf3 29.
gxf3 Kf8 30.d6 Ke8 31.Bh6 Rd7 32.Rc8+ Rd8 33.d7+ Ke7 34.Bg5+ Kf8 35.Rxd8+ Kg7
36.Rd6 Bxf3 37.Rg8+ Kxg8 38.d8=Q+ Kg7 39.Bh6# 1-0

[Event "Veteranos Aragón 2015"]
[Site ""]
[Date "2015.05.02"]
[Round "3.20"]
[White "Codina Escudero Juan"]
[Black "Arduna Domingo Carmen"]
[Result "1-0"]
[WhiteElo "1451"]
[BlackElo "1500"]

1.d4 Nf6 2.c4 c6 3.Nc3 d5 4.Bg5 h6 5.Bxf6 exf6 6.a3 Be7 7.cxd5 cxd5 8.e3 O-O
9.h3 b6 10.Nge2 Nc6 11.Nf4 Re8 12.Nfxd5 Be6 13.Nxe7+ Qxe7 14.Ba6 Na5 15.d5 Qd6
16.b4 Red8 17.dxe6 Nc6 18.Qxd6 Rxd6 19.exf7+ Kxf7 20.Bb7 Rad8 21.Bxc6 Rxc6 22.
Ne4 g5 23.O-O Re6 24.Ng3 Kg6 25.Rfd1 1-0

[Event "Veteranos Aragón 2015"]
[Site ""]
[Date "2015.05.02"]
[Round "3.21"]
[White "Pinilla Alvarez José Carlos"]
[Black "Fuster Aparicio Miguel"]
[Result "0-1"]
[WhiteElo "1187"]
[BlackElo "1500"]

1.b3 e5 2.Bb2 Nc6 3.g3 d5 4.Bg2 Bc5 5.Nc3 Be6 6.e3 Qf6 7.Bxd5 Nge7 8.Bxe6 Qxe6
9.Nb5 Qd7 10.Nf3 O-O 11.Nxe5 Nxe5 12.Bxe5 Qxb5 13.Bxc7 Qc6 14.Rf1 Qxc7 15.Qh5
b6 16.f4 Ng6 17.O-O-O a5 18.Qd5 a4 19.Qc4 axb3 20.Qxb3 Ra3 21.Qc4 Rfa8 22.d4
Bd6 23.Qd5 Rxa2 24.Rf2 Ne7 25.Qe4 g6 26.Rd3 Ra1+ 27.Kd2 Bb4+ 28.Ke2 Nf5 29.Kf3
Nd6 30.Qd5 Rd8 31.Qg5 Nf5 32.Rb3 Be7 33.Qg4 Qc6+ 34.d5 Qxd5+ 35.e4 Nd4+ 0-1

[Event "Veteranos Aragón 2015"]
[Site ""]
[Date "2015.05.02"]
[Round "3.22"]
[White "Franco Tejero Luis"]
[Black "Figuer Montero Fernando"]
[Result "1-0"]
[WhiteElo "1500"]
[BlackElo "1845"]

1.f4 d5 2.d4 Nc6 3.e3 a6 4.Nf3 Nf6 5.Be2 e6 6.a3 Be7 7.O-O Bd7 8.c4 dxc4 9.
Bxc4 O-O 10.Bd3 Na7 11.Nc3 Nd5 12.Ne5 Nxc3 13.bxc3 f5 14.Nxd7 Qxd7 15.Bd2 Rad8
16.a4 c6 17.Qb3 Rf6 18.Rfb1 Rb8 19.Be1 Rg6 20.Bxa6 Qd5 21.Bf1 Qxb3 22.Rxb3 Nc8
23.Rab1 b6 24.c4 c5 25.d5 exd5 26.cxd5 Ra8 27.Bb5 Rd6 28.Bc6 Bf6 29.Bc3 Bxc3
30.Rxc3 Kf7 31.Bxa8 1-0

[Event "Veteranos Aragón 2015"]
[Site ""]
[Date "2015.05.09"]
[Round "4.1"]
[White "Roche Simón Manuel Angel"]
[Black "Gonzalez Felez José Julián"]
[Result "1-0"]
[WhiteElo "2144"]
[BlackElo "1945"]

1.e4 c5 2.Nf3 d6 3.d4 cxd4 4.Nxd4 a6 5.Bd3 Qc7 6.O-O Nf6 7.Qe2 e6 8.c4 Nc6 9.
Be3 e5 10.Nc2 Be7 11.Nc3 O-O 12.h3 Bd8 13.Rac1 Qd7 14.b4 a5 15.a3 axb4 16.axb4
h6 17.Rfd1 b6 18.Qd2 Qe7 19.Be2 Bc7 20.Nd5 Nxd5 21.cxd5 Nb8 22.Qc3 Bb7 23.Na3
Rc8 24.Qb2 Nd7 25.Bg4 Bd8 26.Nc4 Ra4 27.Qb3 Rca8 28.Bxd7 Qxd7 29.b5 Qe7 30.Bd2
Ra2 31.Bb4 Qf6 32.Qe3 Qg6 33.Qf3 Bg5 34.Rb1 Bh4 35.Rf1 Rc2 36.Nxd6 Bxd5 37.Nf5
Bxe4 38.Qxe4 Raa2 39.Ne7+ Bxe7 40.Qxg6 Bxb4 41.Qxc2 1-0

[Event "Veteranos Aragón 2015"]
[Site ""]
[Date "2015.05.09"]
[Round "4.2"]
[White "Palomar Ramón Santiago"]
[Black "Vasilev Vas"]
[Result "1-0"]
[WhiteElo "1952"]
[BlackElo "1943"]

1.e4 d5 2.exd5 Qxd5 3.Nc3 Qd8 4.d4 Nf6 5.Nf3 Bg4 6.h3 Bxf3 7.Qxf3 c6 8.Bd3 e6
9.O-O Be7 10.Ne2 O-O 11.Bf4 Qd5 12.Qe3 c5 13.c4 cxd4 14.Nxd4 Qd7 15.Nb5 Rc8
16.Rad1 Qc6 17.Nxa7 Rxa7 18.Qxa7 Bc5 19.Qa5 Nbd7 20.Qd2 e5 21.Bf5 Rc7 22.Bh2
g6 23.Bxd7 Rxd7 24.Qe2 Re7 25.Rd8+ Kg7 26.Bxe5 Bd6 27.Bxf6+ Kxf6 28.Qd3 Be5
29.Rd1 1-0

[Event "Veteranos Aragón 2015"]
[Site ""]
[Date "2015.05.09"]
[Round "4.3"]
[White "Navarro Castan Jesús"]
[Black "Marín Fuertes Angel Maria"]
[Result "0-1"]
[WhiteElo "1862"]
[BlackElo "1838"]

1.e4 c5 2.Nf3 e6 3.d4 cxd4 4.Nxd4 a6 5.Nc3 Qc7 6.g3 Nc6 7.Bg2 Nf6 8.O-O Be7 9.
Re1 O-O 10.Nxc6 dxc6 11.e5 Nd5 12.Ne4 Qxe5 13.c4 Nf6 14.Bg5 Qc7 15.Bxf6 Bxf6
16.Nxf6+ gxf6 17.Qd4 e5 18.Qh4 Kg7 19.Rad1 Bf5 20.g4 Bg6 21.g5 fxg5 22.Qxg5 f6
23.Qg3 Rad8 24.h4 Kh8 25.Qe3 Rxd1 26.Rxd1 Rd8 27.Re1 Qg7 28.Qb6 Rg8 29.Re3 Qd7
30.Rg3 Bf7 31.Rxg8+ Bxg8 32.Qe3 Qg7 33.b3 Be6 34.Kf1 f5 35.Qd2 Qf6 36.Qd6
Bxc4+ 0-1